Sarasota Subdivisions - Statistics

General Stats
  • This quiz has been taken 3 times
  • The average score is 17 of 21
Answer Stats
Population Subdivision % Correct
10,013 Bee Ridge
100%
1,500~ Forest Lakes
100%
17,717 Fruitville
100%
16,000~ Gulf Gate
100%
3,755 Kensington Park
100%
2,434 North Sarasota
100%
582 - 6,000 Pinecraft
100%
57,947 Sarasota
100%
12,200~ South Gate
100%
5,113 South Sarasota
100%
5,161 The Meadows
100%
3,000~ Desoto
67%
900~ Hyde Park
67%
3,930 Lake Sarasota
67%
7,475 Longboat Key
67%
1,854 Old Myakka
67%
16,953 Palmer Ranch
67%
4,812 Ridge Wood Heights
67%
5,621 Siesta Key
67%
2,815 Vamo
67%
57,946 Lakewood Ranch
33%
No matching quizzes found
Score Distribution
Percent of People with Each Score
Percentile by Number Answered
Your Score History
You have not taken this quiz